|
|
|
|
| LEADER |
00657nam a22002057a 4500 |
| 003 |
OSt |
| 999 |
|
|
|c 194398
|d 194398
|
| 020 |
|
|
|a 9781493999224
|
| 082 |
|
|
|a 519.535
|b TIM/AP
|
| 100 |
|
|
|a Timm, Neil H
|
| 245 |
|
|
|a Applied multivariate analysis
|
| 260 |
|
|
|a New York
|b Springer-verlag
|c 2020
|
| 300 |
|
|
|a xxiv, 693p.
|
| 546 |
|
|
|a English
|
| 650 |
|
|
|a Vectors and vector spaces
|
| 650 |
|
|
|a Orthogonal spaces
|
| 650 |
|
|
|a Multivariate regression models
|
| 650 |
|
|
|a Structural equation models
|
| 942 |
|
|
|2 ddc
|c REF
|
| 952 |
|
|
|0 0
|1 0
|2 ddc
|4 0
|6 519_535000000000000_TIM_AP
|7 1
|8 REF
|9 201236
|a KAUCLV
|b KAUCLV
|c REF
|d 2020-05-13
|g 6495.00
|o 519.535 TIM/AP
|p 230328
|r 2020-05-13
|y REF
|